Cities in the Colorado River Basin on a Map - Statistics

General Stats
  • This quiz has been taken 1,233 times
  • The average score is 7 of 16
Answers on the Map
Answers color-coded by a green-red scale on the quiz's map according to % correct below.
 
Answer Stats
Population City % Correct
1,680,992 Phoenix
98%
651,319 Las Vegas
97%
548,073 Tucson
91%
75,038 Flagstaff
74%
98,285 Yuma
62%
63,597 Grand Junction
60%
89,587 St. George
50%
55,865 Lake Havasu City
40%
5,336 Moab
32%
18,973 Durango
28%
44,299 Prescott
28%
44,372 Farmington
27%
7,529 Page
19%
22,653 Rock Springs
17%
9,930 Glenwood Springs
14%
10,438 Vernal
12%
No matching quizzes found
Score Distribution
Percent of People with Each Score
Percentile by Number Answered
Your Score History
You have not taken this quiz